banner-ar

اضطراب التوحد / (Record no. 9795)

MARC details
000 -الفاتح
حقل البيانات ثابتة الطول 00799nam a2200229Ia 4500
008 - عناصر البيانات ثابتة الطول - معلومات عامة
حقل البيانات ثابتة الطول 140319s9999 xx 000 0 ara d
020 ## - الرقم الدولى المعيارى للكتب
الرقم الدولى المعيارى للكتاب 0222105977
040 ## - مصدر الفهرسة
وكالة الفهرسة الأصلية GCL /
وكالة النسخ GCL
082 04 - رقم تصنيف ديوى العشرى
رقم التصنيف 362.4
رقم المادة م أ
100 1# - المدخل الرئيسى - إسم شخصى
الإسم الشخصى زينب محمود شقير
245 10 - بيان العنوان
العنوان اضطراب التوحد /
بيان المسئوليه,etc زينب محمود شقير
700 1# - المدخل الاضافى - اسم شخصى
الإسم الشخصى محمد سيد موسى
260 ## - PUBLICATION, DISTRIBUTION, ETC. (IMPRINT)
تاريخ النشر أو التوزيع 2007
300 ## - الوصف المادى
التعداد 173 ص ؛
أبعاد الوعاء 24 سم
650 04 - المدخل الاضافى بالموضوع-مصطلح موضوعى
مصطلح موضوعي الاطفال - رعاية ذهنية
650 04 - المدخل الاضافى بالموضوع-مصطلح موضوعى
مصطلح موضوعي الاطفال المعوقون - رعاية وعلاج
650 04 - المدخل الاضافى بالموضوع-مصطلح موضوعى
مصطلح موضوعي التوحد ( امراض نفسية )
650 04 - المدخل الاضافى بالموضوع-مصطلح موضوعى
مصطلح موضوعي العقل - اضطرابات
650 04 - المدخل الاضافى بالموضوع-مصطلح موضوعى
مصطلح موضوعي الامراض العقلية - تشخيص
942 ## - عناصر المدخل الإضافي( كوها)
مصدر التصنيف او مخطط الترفيف Dewey Decimal Classification
Koha [default] item type كتاب
260 ## - PUBLICATION, DISTRIBUTION, ETC. (IMPRINT)
-- القاهرة :
-- مكتبة الانجلوالمصرية ،
Holdings
حالة التراجع حالة الفقد حالة تلف ليس للاعارة المكان المؤقت الموقع الحالى تاريخ الاكتساب اجمالي اﻻعارات رقم الطلب الباركود تاريخ اخر مشاهدة تاريخ تفعيل السعر نوع وعاء كوها
        مكتبة القاهرة الكبرى مكتبة القاهرة الكبرى 03/26/2014   362.4\م أ 20247 03/26/2014 03/26/2014 كتاب
        مكتبة القاهرة الكبرى مكتبة القاهرة الكبرى 03/26/2014   362.4\م أ 20248 03/26/2014 03/26/2014 كتاب

Powered By

EGPV